Phân tích hoạt động kinh doanh
Trọng tâm của quyển sách gồm các nội dung chính sau: Cơ sở lý luận về phân tích và các phương pháp sử dụng; Phân tích kết quả hoạt động sản xuất kinh doanh; Phân tích chi phí và giá thành; Phân tích tiêu thụ và lợi nhuận; Phân tích báo cáo...
সংরক্ষণ করুন:
| প্রধান লেখক: | |
|---|---|
| বিন্যাস: | গ্রন্থ |
| ভাষা: | Undetermined |
| প্রকাশিত: |
Thành phố Hồ Chí Minh
Đại học Công nghiệp Thành phố Hồ Chí Minh
2010
|
| বিষয়গুলি: | |
| ট্যাগগুলো: |
ট্যাগ যুক্ত করুন
কোনো ট্যাগ নেই, প্রথমজন হিসাবে ট্যাগ করুন!
|
| Thư viện lưu trữ: | Trung tâm Học liệu Trường Đại học Cần Thơ |
|---|
| LEADER | 01122nam a2200205Ia 4500 | ||
|---|---|---|---|
| 001 | CTU_166941 | ||
| 008 | 210402s9999 xx 000 0 und d | ||
| 020 | |c 55000 | ||
| 082 | |a 658.1511 | ||
| 082 | |b D557 | ||
| 100 | |a Phạm, Văn Dược | ||
| 245 | 0 | |a Phân tích hoạt động kinh doanh | |
| 245 | 0 | |c Phạm Văn Dược, Trần Phước | |
| 260 | |a Thành phố Hồ Chí Minh | ||
| 260 | |b Đại học Công nghiệp Thành phố Hồ Chí Minh | ||
| 260 | |c 2010 | ||
| 520 | |a Trọng tâm của quyển sách gồm các nội dung chính sau: Cơ sở lý luận về phân tích và các phương pháp sử dụng; Phân tích kết quả hoạt động sản xuất kinh doanh; Phân tích chi phí và giá thành; Phân tích tiêu thụ và lợi nhuận; Phân tích báo cáo tài chính doanh nghiệp. | ||
| 650 | |a Managerial accounting,Business analysis,Quản lý kế toán,Phân tích hoạt động kinh doanh | ||
| 904 | |i Phuong | ||
| 980 | |a Trung tâm Học liệu Trường Đại học Cần Thơ | ||